Logo BPK

Biblioteka

Politechniki Koszalińskiej

Samochody pancerne Wojska Polskiego 1918-1939 / (Rekord nr 29933)

Szczegóły MARC
000 -ETYKIETA REKORDU
podpole kontrolne o stałej długości 00510nam a2200193 i 4500
001 - NUMER KONTROLNY REKORDU
pole kontrolne bg
020 ## - MIĘDZYNARODOWY ZNORMALIZOWANY NUMER KSIĄŻKI - ISBN
ISBN 8386028009
040 ## - ŹRÓDŁO KATALOGOWANIA
Instytucja, która utworzyła rekord BPK
041 ## - KOD JĘZYKA
Kod języka tekstu pol
080 ## - UNIWERSALNA KLASYFIKACJA DZIESIĘTNA - UKD
UKD 623.438"1918/1939"
920 ## - Międzynarodowy znormalizowany numer książki – ISBN
ISBN 83-86028-00-9
008 - POLE O STAŁEJ DŁUGOŚCI - DANE KONTROLNE
podpole kontrolne o stałej długości s pl f |000 0 pol
100 1# - NAZWA OSOBOWA
Nazwa osobowa MAGNUSKI, JANUSZ
245 #0 - TYTUŁ/ODPOWIEDZIALNOŚĆ
Tytuł Samochody pancerne Wojska Polskiego 1918-1939 /
Pozostałe elementy strefy tytułu i oznaczenia odpowiedzialności Janusz Magnuski.
260 ## - STREFA ADRESU WYDAWNICZEGO
Miejsce wydania Warszawa :
Nazwa wydawcy/dystrybutora WiS,
Data publikacji, dystrybucji/powstania dokumentu 1993.
300 ## - STREFA OPISU FIZYCZNEGO
Objętość 176 s. :
Inne cechy fizyczne fot., rys. ;
Rozmiary 20 cm.
504 ## - UWAGA DOTYCZĄCA BIBLIOGRAFII
Informacje o bibliografii Bibliogr. s. 175.
856 ## - LOKALIZACJA I DOSTĘP DO ELEKTRONICZNYCH DOKUMENTÓW ZDALNYCH
Link (URL) http://koha.tu.koszalin.pl/cgi-bin/koha/opac-detail.pl?biblionumber=29933
Tekst linku Katalog online BPK
942 ## - DODATKOWE ELEMENTY (KOHA)
Typ dokumentu Książka
Egzemplarze
Wycofany Status egzemplarza Uszkodzony Dostępność Lokalizacja stała Lokalizacja bieżąca Miejsce przechowywania Sygnatura Kod kreskowy Typ dokumentu
      Dostępny Biblioteka Politechniki Koszalińskiej Biblioteka Politechniki Koszalińskiej Wypożyczalnia BG 36409 01309843 Książka
© 2023 Biblioteka Politechniki Koszalińskiej :: KOHA